ბათუმის შოთა რუსთაველის სახელმწიფო უნივერსიტეტის ბიბლიოთეკა

ჭაბუა ამირეჯიბი (ბიბ.ჩანაწერი № 43148)

000 -LEADER
fixed length control field 00809nam a2200241Ia 4500
001 - CONTROL NUMBER
control field 9869
003 - CONTROL NUMBER IDENTIFIER
control field GE_BSU
008 - FIXED-LENGTH DATA ELEMENTS--GENERAL INFORMATION
fixed length control field 181216s||||||||xx |||||||||||||| ||und||
020 ## - INTERNATIONAL STANDARD BOOK NUMBER
International Standard Book Number 9992879521
040 ## - CATALOGING SOURCE
Transcribing agency GE_BSU
080 ## - UNIVERSAL DECIMAL CLASSIFICATION NUMBER
Universal Decimal Classification number 821.353.1.09-31+821.353.19(092ამირეჯიბი)
100 ## - MAIN ENTRY--PERSONAL NAME
Personal name ნიკოლეიშვილი,ავთანდილ
245 ## - TITLE STATEMENT
Title ჭაბუა ამირეჯიბი
245 ## - TITLE STATEMENT
Remainder of title ლიტ.ეტიუდი
245 ## - TITLE STATEMENT
Statement of responsibility, etc. რედ:გია ხოფერია
260 ## - PUBLICATION, DISTRIBUTION, ETC.
Place of publication, distribution, etc. ქუთაისი
260 ## - PUBLICATION, DISTRIBUTION, ETC.
Name of publisher, distributor, etc. ქუთაისის უნ-ტის გამ-ბა
260 ## - PUBLICATION, DISTRIBUTION, ETC.
Date of publication, distribution, etc. 2001
300 ## - PHYSICAL DESCRIPTION
Extent 63გვ;20სმ.
653 ## - INDEX TERM--UNCONTROLLED
Uncontrolled term ჭაბუა ამირეჯიბი,ლიტ.ეტიუდი
942 ## - ADDED ENTRY ELEMENTS (KOHA)
Koha item type წიგნი
ეგზემპლარები
Withdrawn status Lost status Damaged status Not for loan Date acquired Barcode Date last seen Price effective from Koha item type
        2018-12-17 33256 2018-12-17 2018-12-17 წიგნი
        2018-12-17 33257 2018-12-17 2018-12-17 წიგნი
        2018-12-17 33258 2018-12-17 2018-12-17 წიგნი